000 00568nam a2200241 a 4500
001 nice12345678
003 IN_TiNIC
005 20260116011423.0
008 050524s1963 newa grp 000 0 eng
020 _a
_c294
082 0 0 _a955
_bWIL
100 _aWilber, Donald N
245 _aIran Past and Present
260 _aNew Jersy
_bPrinceston University Press
_c1963
300 _a312p
500 _aincludes index and biblioraphy
505 2 _aIndex
650 _aIran
700 1 _aWilber, Donald N
902 _bSRS
942 _cBK
999 _c1381
_d1381